Cenová stabilita versus finančná stabilita v podmienkach eurozóny
Hlavné ciele menovej politiky Eurosystému. Dva piliere stratégie menovej politiky v podmienkach eurozóny. Regulácia peňažného trhu prostredníctvom kľúčových úrokových sadzieb Európskej centrálnej banky. Menové nástroje a ozdravenie trhu.
Salvato in:
| Autore principale: | |
|---|---|
| Natura: | Capitolo di libro |
| Lingua: | slovacco |
| Soggetti: | |
| Tags: |
Nessun Tag, puoi essere il primo ad aggiungerne!!
|
MARC
| LEADER | 00000naa$a2200000$$$4500 | ||
|---|---|---|---|
| 001 | 0128016 | ||
| 005 | 20240517112845.4 | ||
| 041 | 0 | |a slo | |
| 044 | |a SK | ||
| 245 | 1 | 0 | |a Cenová stabilita versus finančná stabilita v podmienkach eurozóny |c Jana Kotlebová |
| 520 | |a Hlavné ciele menovej politiky Eurosystému. Dva piliere stratégie menovej politiky v podmienkach eurozóny. Regulácia peňažného trhu prostredníctvom kľúčových úrokových sadzieb Európskej centrálnej banky. Menové nástroje a ozdravenie trhu. | ||
| 610 | 2 | 0 | |a Európska únia |
| 610 | 2 | 0 | |a eurozóna |
| 610 | 2 | 0 | |a Európska centrálna banka |
| 610 | 2 | 0 | |a politika menová |
| 610 | 2 | 0 | |a sadzby úrokové |
| 610 | 2 | 0 | |a trh peňažný medzinárodný |
| 610 | 2 | 0 | |a spolupráca medzinárodná |
| 610 | 2 | 0 | |a stabilita finančná |
| 610 | 2 | 0 | |a inflácia |
| 610 | 2 | 0 | |a deflácia |
| 100 | 1 | |a Kotlebová, Jana, 1969- | |